000 00495nam a2200181Ia 4500
005 20250508150855.0
008 008 250505s9999 xx 000 0 eng d
037 _aTextual
040 _aFEDL
_beng
_cFEDL
041 _aeng
_2eng
084 _a540.1, ARN
_qFEDL
100 _aAlcott Arnold
_9757877
245 0 _aChemistry to-day
260 _aAmen House, London
_bOxford University Press
_c1951
300 _a181p.
942 _cTEXL
_h540.1, ARN
999 _c1326243
_d1326243